000 00364 a2200169 4500
001 172023
020 _a85-06-01658-4
040 _cMagnum
100 _aRocha, Ruth
240 1 0 _aO livro das tintas
_lpor
245 1 0 _aO livro das tintas
300 _a31
362 0 _a1992
440 1 _aMelhoramentos
697 _aLITERATURA INFANTO-JUVENIL
942 _cBK
999 _c172023
_d172023